| 000 | 00613nam a2200229 a 4500 | ||
|---|---|---|---|
| 001 | 10030 | ||
| 003 | CO-ViMGA | ||
| 008 | 141112s2004 ck r 000 u spa d | ||
| 020 | _a9582808543 | ||
| 040 |
_aCO-ViMGA _bspa _cCO-ViMGA |
||
| 082 | 0 | 4 | _a232 H17o |
| 100 | 1 |
_aHassnain ; Fida, _912544 |
|
| 245 | 1 | 0 | _aLa Otra historia de Jesús |
| 300 | _aSantafé de Bogotá : Intermedio Robinbook, 1996 | ||
| 490 | _a297p. | ||
| 650 | 1 | 4 |
_aCRUCIFIXION _912545 |
| 650 | 1 | 4 |
_aHISTORIA _912546 |
| 650 | 1 | 4 |
_aJESUSCRITO _912547 |
| 650 | 1 | 4 |
_aNACIMIENTO _912548 |
| 650 | 1 | 4 |
_aRESURRESION DE JESUS _912549 |
| 942 |
_2ddc _cBK |
||
| 999 |
_c21406 _d21406 |
||